000 00515 a2200169 4500
999 _c10214
_d10214
020 _a9781784160012
050 _aPR6123. WAT 2014
100 _aWatson, S. J.
_eauthor
245 _aBefore I go to sleep :
_ba novel /
_cS.J. Watson.
264 _aNew York :
_b Harper,
_c2014.
300 _a360 pages ; 21 cm
500 _adoes not include index
650 _aWomen authors -- Fiction.
650 _aMemory disorders -- Fiction.
650 _a Life change events -- Fiction.
942 _2lcc
_cBK
_h6123
_iWAT
_kPR